LEADER 01460nam0 2200301 450 001 9911030778803321 005 20251007170759.0 010 $a978-80-11-05702-2 100 $a20251007d2025----km y0itay50 ba 101 0 $aeng 102 $aCZ 105 $ay 001yy 200 1 $aEuropean boletes. Volume 1, Baorangia, Boletus, Butyriboletus, Caloboletus, Cupreoboletus, Cyanoboletus, Exsudoporus, Hemileccinum, Imperator, Lanmaoa, Leccinellum, Leccinum, Neoboletus, Porphyrellus, Rubroboletus, Strobilomyces, Suillellus, Tylopilus$fMichal Mik?ík, Matteo Gelardi, Giampaolo Simonini 210 $aPraha$cMichal Mik?ík - FUNGI PRESS$d2025 215 $a701 p.$cill.$d30 cm 305 $aRisorsa non considerata in più unità perchè pubblicata in un unico volume; il piano dell?opera prevede altre parti non pubblicate. 610 0 $aFunghi 676 $a579.5$v23$zita 700 1$aMik?ík,$bMichal$01850466 701 1$aGelardi,$bMatteo$01850467 701 1$aSimonini,$bGiampaolo$01439989 801 0$aIT$bUNINA$gREICAT$2UNIMARC 901 $aBK 912 $a9911030778803321 952 $a579.5 MICM 2025$b00/0344/25$fFAGBC 959 $aFAGBC 996 $aEuropean boletes. Volume 1, Baorangia, Boletus, Butyriboletus, Caloboletus, Cupreoboletus, Cyanoboletus, Exsudoporus, Hemileccinum, Imperator, Lanmaoa, Leccinellum, Leccinum, Neoboletus, Porphyrellus, Rubroboletus, Strobilomyces, Suillellus, Tylopilus$94443562 997 $aUNINA